000 00557nam a2200205Ia 4500
003 GCL
008 140319s9999 xx 000 0 eng d
040 _aGCL /
_cGCL
082 0 4 _a639.3
_bT T
100 1 _aHUET, MARCEL
245 1 0 _aTEXTBOOK OF FISH CULTURE: BREEDING AND CULTIVATION OF FISH, 2ND ED /
_cHUET, MARCEL
700 1 _aTIMMERMANS, J. A.
700 1 _aKAHN, HENRY
260 _a[S.N] :
_bBLACKWELL SCIENTIFIC PUBLICATIONS ،
_c1986
300 _a438 P
650 0 4 _aFISH
650 0 4 _aFOOD
650 0 4 _aHYDROBIOLOGY
942 _2ddc
_cBK
999 _c21335
_d21335